LEADER 00959nam a2200265 u 4500 001 000000039535 003 CaOOAMICUS 005 20070226114012.0 008 980515s1986 it u000 u ita u 020 $a881315884X 035 $a10794755 040 $aPUL(R)$bita 100 1 $aPersiani, Mattia.$0(OLS)http://pul/name/29372 245 10$aDiritto sindacale /$cMattia Persiani. 260 $aPadova :$bCEDAM,$c1986. 300 $a103 p. ;$c24 cm 650 4$aDiritto del lavoro.$0(OLS)http://pul/subject/1096 850 $aPUL 852 $aPUL$W1$xSL Diritto e Scienze Sociali 1$y4$m176 D 53$j53797$nBK-PRI$b $qStampati$B53797$CPULBib$Z2$F53797 $H $81 941 1 $a8 960 $aLavoro (Diritto)$91096 961 $aINV: 55510 996 $6020$a881315884X$9(OLS)http://pul/number/49206 996 $6245$aDiritto sindacale$9(OLS)http://pul/title/53517 996 $6260$aPadova :$bCEDAM$9(OLS)http://pul/publisher/48126 LEADER 01414nam a2200289 a 4500 001 000000144796 003 CaOOAMICUS 005 20150710123522.0 008 150710s1910 it a u000 u ita r 040 $aPUL$bita 041 1 $aita$hspa 100 1 $aFiter, Luigi.$0(OLS)http://pul/name/92825 245 14$aGli ammirabili effetti dell'acqua di S. Ignazio di Lojola : testimonianze storiche /$craccolte da p. Luigi Fiter ; tradotte dallo spagnolo da un p. d. m. C. 250 $aNuova ed. arricchita da altre recenti testimonianze e preceduta da un sunto storico della vita del santo / per cura del p. Francesco Sav. Moretti. 260 $aRoma :$bOff. Poligrafica Editrice,$c1910. 300 $a144 p. :$bill. ;$c16 cm 600 04$aIgnatius Loyola,$cs.,$d1491-1556.$0(OLS)http://pul/subject/7052 650 4$aMiracoli.$0(OLS)http://pul/subject/8873 700 1 $aMoretti, Francesco Saverio.$0(OLS)http://pul/name/92826 850 $aPUL 852 $aPUL$W1$xDP1 Religione 1$y20$m641 B 22$j167179$qStampati$B167763$CPULBib$Z2$F167763 $82 941 1 $a8 960 $aIgnatius,$cof Loyola, Saint$d1491-1556$97052 960 $aIgnazio di Loyola,$cs.,$d1491-1556$97052 996 $6245$aGli ammirabili effetti dell'acqua di S. Ignazio di Lojola : testimonianze storiche$9(OLS)http://pul/title/183156 996 $6260$aRoma :$bOff. Poligrafica Editrice$9(OLS)http://pul/publisher/71530